Bank of Zambia annual report 2020 (Record no. 86732)

MARC details
000 -LEADER
fixed length control field 00694 a2200217 4500
003 - CONTROL NUMBER IDENTIFIER
control field CBULib
005 - DATE AND TIME OF LATEST TRANSACTION
control field 20260629092638.0
008 - FIXED-LENGTH DATA ELEMENTS--GENERAL INFORMATION
fixed length control field 260526b |||||||| |||| 00| 0 eng d
040 ## - CATALOGING SOURCE
Original cataloging agency Eng
Language of cataloging English
Transcribing agency CBULib
Modifying agency CBULib
Description conventions rda
050 ## - LIBRARY OF CONGRESS CALL NUMBER
Classification number BOZ (058)AR/2020
110 ## - MAIN ENTRY--CORPORATE NAME
9 (RLIN) 5574
Corporate name or jurisdiction name as entry element Bank of Zambia(BOZ)
245 ## - TITLE STATEMENT
Title Bank of Zambia annual report 2020
Statement of responsibility, etc /by Bank of Zambia
260 ## - PUBLICATION, DISTRIBUTION, ETC. (IMPRINT)
Date of publication, distribution, etc 2020
Place of publication, distribution, etc Ndola:
Name of publisher, distributor, etc Bank of zambia.
300 ## - PHYSICAL DESCRIPTION
Extent xii,150pages : illustrations
336 ## - CONTENT TYPE
Source rdacontent
Content type term Text |
Content type code txt
337 ## - MEDIA TYPE
Source rdamedia
Media type term Unmediated |
Media type code n
338 ## - CARRIER TYPE
Source rdacarrier
Carrier type term Volume
Carrier type code nc
650 #0 - SUBJECT ADDED ENTRY--TOPICAL TERM
9 (RLIN) 3736
Topical term or geographic name as entry element MONETARY POLICY
650 #0 - SUBJECT ADDED ENTRY--TOPICAL TERM
9 (RLIN) 5679
Topical term or geographic name as entry element GLOBAL AND DOMESTIC MACROECONOMICS DEVELOPMENT
942 ## - ADDED ENTRY ELEMENTS (KOHA)
Source of classification or shelving scheme
Koha item type SPECIAL COLLECTION
Holdings
Withdrawn status Lost status Source of classification or shelving scheme Damaged status Not for loan Collection code Permanent Location Current Location Shelving location Date acquired Source of acquisition Full call number Barcode Date last seen Price effective from Koha item type
          Special Collections CBU-MAIN LIBRARY, KITWE. CBU-MAIN LIBRARY, KITWE. Special Collections 06/29/2026 DEP-CBU /06/2026 CBU/BOZ/058/AR/2020 B153674 06/29/2026 06/29/2026 SPECIAL COLLECTION